| 000 | 00698nam a22002177a 4500 | ||
|---|---|---|---|
| 003 | OSt | ||
| 005 | 20210426094319.0 | ||
| 008 | 201229s2011 ||||| |||| 00| 0 eng d | ||
| 020 | _a9781581105018 | ||
| 040 |
_aeng _beng _cDLC |
||
| 041 | _aeng | ||
| 080 |
_a616-053.3 _bZ-18 |
||
| 100 |
_9644 _aZaichkin, Jeanette _eEditor |
||
| 245 |
_aNeonatal Resuscitation / Instructor Manual _c/ by: American Academy of Pediatrics and American Heart Association |
||
| 250 | _a5th edition | ||
| 260 |
_aUSA _bAmerican Academy of Pediatrics and American Heart Association _c2011 |
||
| 300 |
_a390 p. _bill. |
||
| 650 | 0 |
_9529 _aNeonatology |
|
| 653 | _aნეონატოლოგია | ||
| 942 |
_2udc _cBK _e5 |
||
| 999 |
_c863 _d863 |
||